000 00705nam a22002057a 4500
999 _c19983
_d19983
003 AR-CdUCM
008 190327b ||||| |||| 00| 0 spa d
040 _aMUNICIPALIDAD PROVINCIAL DEL CUSCO
_cBIBLIOTECA MUNICIPAL DEL CUSCO
082 _a974.03 /
_bM26
100 _aMancisidor, José
_917012
245 _aHidalgo, Morelos, Guerrero /
260 _aMéxico :
_bBiografías gandesa,
_c1956.
300 _a359 paginas ;
_c20 cm.
505 _aContenido : Uturrigaray -- Miguel Hidalgo y las Francia chiquita -- Conspiraciones -- El grito de la independencia...
650 _aHistoria
_9136
650 _aMatamoros
_941806
650 _aMiguel Hidalgo
_941807
942 _2ddc
_cLIBROS
945 _arcc